| 000 | 00636ny a22002053n 4500 | ||
|---|---|---|---|
| 005 | 20240305165318.0 | ||
| 008 | 100323s mx 000 0 spa d | ||
| 035 | _a2695 | ||
| 040 |
_aBUS _dvLex |
||
| 090 |
_c562 _d562 |
||
| 100 | 1 | _aHikal, Wael | |
| 245 | 1 | 0 |
_aCriminología psicoanalítica, conductual y del desarrollo _h[Recurso electrónico] _cWael Sarwat Hikal Carreón |
| 256 | _aServicio en línea | ||
| 260 |
_aMéxico : _bEditorial vLex , _c2009 |
||
| 300 | _av. | ||
| 650 | 0 | 7 |
_aCriminología _2Tesauro vLex |
| 740 | 0 | _avLex Libros (Servicios en línea) | |
| 856 | 4 | 0 | _uhttps://app.vlex.com/#/sources/2695 |
| 942 | _cRAA | ||
| 999 |
_c159086 _d159086 |
||